000 00551nam a2200241Ia 4500
008 210210b1952 xxu||||| |||| 00| 0 eng d
041 _aeng
082 _a531/85
100 _aJOSEPH (V J)
245 _aAdvanced experimental physics: Practical and theoretical Ed 6
250 _a
260 _aMangalore
_b-
_c1952
300 _avi,740
650 _atheoretical
650 _aPractical
650 _aphysics:
650 _aexperimental
650 _aEd
650 _aAdvanced
650 _a6
690 _aPhysics
906 _a008286
999 _c126252
_d126252